00658nam a22001337a 4500003000400000020001800004082001400022100001500036245003900051260003100090300000900121650001600130653037800146SGT a9789382209232 a657, MON  aMONGA J.R. aFINANCIAL ACCOUNTING AND AUDITING  aNEW DELHI bSCHOLAR c2013 aV.P. aACCOUNTING  aACCOUNTING THEORY, ACCOUNTING CONCEPTS,ACCOUNTING CONVENTIONS, ACCOUNTING STANDARDS, ACCOUNTING STANDARDS (AS) DISCLOSURE OF ACCOUNTING POLICIES, ACCOUNTING STANDARDS (AS) REVENUE RECOGNITION, INTERNATIONAL FINANCIAL REPORTING STANDARDS : A BRIEF INTRODUCTION, MEASUREMENT OF INCOME, INVENTORY VALUATION, DEPRECIATION ACCOUNTING, ACCOUNTING CYCLE-1:JOURNALISING AND LEDGER